[Event "XXXIX C.to Italiano"]
[Site "Venezia ITA"]
[Date "1979.10.??"]
[Round "14"]
[White "Passerotti, Pierluigi"]
[Black "Olivotto, Roberto"]
[Result "1-0"]
[WhiteElo "2340"]
[BlackElo "2225"]
[PlyCount "157"]
[EventDate "1979.10.21"]

1. e4 d5 2. exd5 Qxd5 3. Nc3 Qa5 4. d4 Nf6 5. Nf3 Bg4 6. Bb5+ c6 7. Be2 Nbd7 8.
h3 Bh5 9. O-O e6 10. Nd2 Bg6 11. Nc4 Qc7 12. Bf3 Be7 13. Re1 O-O 14. Bg5 Rfe8
15. Bh4 Bd6 16. Nxd6 Qxd6 17. Bg3 Qb4 18. Rb1 Nb6 19. a3 Qa5 20. Re5 Nbd5 21.
Qd2 Rac8 22. Re2 Nb6 23. a4 Qb4 24. b3 Red8 25. Rd1 Rd7 26. Ne4 Qxd2 27. Nxf6+
gxf6 28. Rexd2 Rcd8 29. c4 a5 30. Bf4 e5 31. Be3 e4 32. Bg4 f5 33. Be2 Nc8 34.
Bg5 Re8 35. h4 h5 36. Kh2 Kg7 37. Kg3 f6 38. Be3 Bf7 39. Rb2 Nd6 40. Kf4 Kg6
41. Rc1 Red8 42. Bd2 Ra8 43. Bc3 Ne8 44. Rd1 Ng7 45. g3 b6 46. Ke3 Ne6 47. b4
axb4 48. Rxb4 c5 49. dxc5 Rxd1 50. Bxd1 bxc5 51. Rb2 Nd4 52. Rd2 Bxc4 53. Bxd4
cxd4+ 54. Rxd4 Bf7 55. Rb4 Rd8 56. Be2 Ra8 57. Bb5 Be8 58. Bxe8+ Rxe8 59. a5
Ra8 60. Ra4 Ra6 61. Kf4 Rd6 62. Ra3 Ra6 63. Ra2 Rd6 64. Ke3 Ra6 65. Kd4 Kf7 66.
Kc5 Ke6 67. Kb5 Ra8 68. Kb6 f4 69. Kb7 Rg8 70. gxf4 Kf5 71. a6 Kxf4 72. a7 Kf3
73. a8=Q Rxa8 74. Kxa8 f5 75. Kb7 f4 76. Kc6 e3 77. fxe3 fxe3 78. Kd5 e2 79.
Ra1 1-0

[Event "XXXIX C.to Italiano"]
[Site "Venezia ITA"]
[Date "1979.10.??"]
[Round "14"]
[White "Rosino, Antonio"]
[Black "Trabattoni, Franco"]
[Result "1/2-1/2"]
[WhiteElo "2290"]
[BlackElo "2330"]
[PlyCount "42"]
[EventDate "1979.10.21"]

1. e4 c5 2. c3 d5 3. exd5 Qxd5 4. d4 Nc6 5. Nf3 e5 6. Nxe5 Nxe5 7. dxe5 Qxe5+
8. Be2 Bd7 9. O-O O-O-O 10. Bf3 Qc7 11. Nd2 Nf6 12. Qb3 Bd6 13. h3 Be6 14. Nc4
Kb8 15. Qa4 Bxc4 16. Qxc4 h6 17. Be3 g5 18. b4 Nd7 19. bxc5 Ne5 20. Qe4 Nxf3+
21. Qxf3 Bxc5 1/2-1/2

[Event "XXXIX C.to Italiano"]
[Site "Venezia ITA"]
[Date "1979.10.??"]
[Round "14"]
[White "Toth, Bela"]
[Black "Sartori, Spartaco"]
[Result "1-0"]
[WhiteElo "2470"]
[BlackElo "2385"]
[PlyCount "73"]
[EventDate "1979.10.21"]

1. d4 Nf6 2. c4 g6 3. Nc3 d5 4. cxd5 Nxd5 5. e4 Nxc3 6. bxc3 Bg7 7. Bc4 O-O 8.
Ne2 b6 9. Bd5 c6 10. Bb3 Qd7 11. O-O Ba6 12. e5 c5 13. Re1 c4 14. Bc2 Bb7 15.
Nf4 e6 16. h4 Na6 17. h5 Nc7 18. hxg6 fxg6 19. Qg4 Rf7 20. Nh3 Bf8 21. Ng5 Rg7
22. Re3 Re8 23. Rg3 Rb8 24. Nxh7 Kxh7 25. Bh6 Kg8 26. Re1 Re8 27. Bxg7 Bxg7 28.
Qxg6 Re7 29. Ree3 Rf7 30. Rg4 Kf8 31. Reg3 Ne8 32. Qh5 b5 33. Bg6 a5 34. Bxf7
Qxf7 35. Qg5 Kg8 36. Rf4 Qd7 37. Qg6 1-0

[Event "XXXIX C.to Italiano"]
[Site "Venezia ITA"]
[Date "1979.10.??"]
[Round "15"]
[White "Bonfa', Ileano"]
[Black "Laco, Giuseppe"]
[Result "1-0"]
[WhiteElo "2300"]
[BlackElo "2160"]
[PlyCount "149"]
[EventDate "1979.10.21"]

1. e4 c5 2. Nf3 e6 3. d4 cxd4 4. Nxd4 Nf6 5. Nc3 a6 6. e5 Ng8 7. Bf4 Bb4 8. Qd3
Ne7 9. O-O-O Bxc3 10. Qxc3 Nd5 11. Qg3 Nxf4 12. Qxf4 Qa5 13. Bd3 Nc6 14. Nxc6
bxc6 15. Kb1 Rb8 16. b3 Qb4 17. Qg3 g6 18. h4 h6 19. Rhe1 Qe7 20. f4 h5 21. Qf2
Qb4 22. Re4 Qb6 23. Qg3 Qc5 24. Rc4 Qe7 25. Ra4 Rb4 26. Rxb4 Qxb4 27. Re1 Qd2
28. Re2 Qd1+ 29. Kb2 Qg1 30. Qe3 Qxe3 31. Rxe3 Kd8 32. Re4 Kc7 33. Ra4 Kb6 34.
b4 Bb7 35. Ra5 Ra8 36. g3 Rd8 37. c4 Ra8 38. c5+ Kc7 39. Kc3 Kd8 40. Kd4 Ke8
41. Be4 Kd8 42. Bf3 Kc7 43. Be2 Kd8 44. Ra3 Kc7 45. Bc4 Kd8 46. f5 gxf5 47. Be2
Ke7 48. Bxh5 Rh8 49. Be2 Rg8 50. g4 fxg4 51. Rg3 f5 52. exf6+ Kxf6 53. Rxg4 e5+
54. Ke3 Rh8 55. Bd3 Rh6 56. a3 Rh8 57. Rg6+ Ke7 58. Rg7+ Ke6 59. Bc4+ Kf5 60.
Rxd7 Rxh4 61. Rf7+ Kg6 62. Rxb7 Rxc4 63. Rb6 a5 64. Rxc6+ Kf5 65. Kd3 Rh4 66.
b5 Ra4 67. b6 Rxa3+ 68. Kc2 Ra2+ 69. Kc3 Ra3+ 70. Kc4 Ra4+ 71. Kb5 Rb4+ 72.
Kxa5 Rb1 73. Rc8 Ke4 74. Rd8 Kf3 75. c6 1-0

[Event "XXXIX C.to Italiano"]
[Site "Venezia ITA"]
[Date "1979.10.??"]
[Round "15"]
[White "Olivotto, Roberto"]
[Black "Rosino, Antonio"]
[Result "1/2-1/2"]
[WhiteElo "2225"]
[BlackElo "2290"]
[PlyCount "151"]
[EventDate "1979.10.21"]

1. e4 e5 2. Nf3 Nc6 3. Bc4 Bc5 4. d3 Nf6 5. Nc3 d6 6. Na4 Bb6 7. Nxb6 axb6 8.
h3 Na5 9. Nd2 d5 10. Bxd5 Nxd5 11. exd5 Qxd5 12. Nf3 Nc6 13. a3 O-O 14. O-O Bd7
15. Re1 Rae8 16. Bd2 Re6 17. Qe2 Rfe8 18. Qe4 Qc5 19. Bc3 f6 20. Qc4 Qxc4 21.
dxc4 Rd6 22. Rad1 Rxd1 23. Rxd1 Be6 24. b3 Kf7 25. Kf1 Rd8 26. Rxd8 Nxd8 27.
Ke2 Bf5 28. Ne1 Ne6 29. Kf3 g5 30. Bb2 Nc5 31. Bc1 Ke6 32. Ke3 h6 33. Bb2 Bg6
34. Kd2 Be4 35. Ke2 Nd7 36. Bc1 Nf8 37. Be3 f5 38. f3 Bc6 39. a4 Kd6 40. Nd3
Ne6 41. Nb4 Be8 42. Nd5 f4 43. Bc1 Nd4+ 44. Kd2 Bg6 45. Ba3+ Kd7 46. Bb2 Nc6
47. b4 Bf7 48. b5 Na5 49. Kd3 Nxc4 50. Kxc4 Kd6 51. Ba3+ c5 52. bxc6+ Kxc6 53.
Bf8 Bxd5+ 54. Kd3 h5 55. c4 Be6 56. Ke4 Bxc4 57. Kxe5 Bf1 58. Kf5 Bxg2 59. Kxg5
Bxh3 60. Kxh5 Kd5 61. Bg7 Bd7 62. Kg5 Kc4 63. Kxf4 Kd3 64. Ke5 Bxa4 65. Kd6 Bc6
66. Kc7 b5 67. Kb6 b4 68. Ka5 Kc4 69. Bf8 b3 70. Bg7 b5 71. Bf6 Bxf3 72. Bg7
Bc6 73. Bf6 Be8 74. Bg7 Kd3 75. Kb4 Kc2 76. Ka3 1/2-1/2

[Event "XXXIX C.to Italiano"]
[Site "Venezia ITA"]
[Date "1979.10.??"]
[Round "15"]
[White "Santolini, Luigi"]
[Black "Passerotti, Pierluigi"]
[Result "0-1"]
[WhiteElo "2150"]
[BlackElo "2340"]
[PlyCount "127"]
[EventDate "1979.10.21"]

1. e4 e5 2. Nf3 Nc6 3. Bb5 a6 4. Bxc6 dxc6 5. O-O Qd6 6. d4 exd4 7. Nxd4 Bd7 8.
Be3 Nh6 9. f3 O-O-O 10. Qe2 f5 11. Nd2 Re8 12. Rfd1 Qg6 13. Qf2 fxe4 14. Bxh6
Qxh6 15. Nxe4 c5 16. Ne2 Bc6 17. N2g3 b6 18. Rd2 g6 19. Rad1 Be7 20. Qf1 Kb7
21. Qc4 Rd8 22. Qe2 Rxd2 23. Rxd2 Re8 24. Qd3 Qg7 25. c3 Qf7 26. b3 Bf8 27. Re2
Bh6 28. Nf2 Rxe2 29. Nxe2 Qe7 30. Ne4 Qh4 31. N4g3 Qg5 32. Kf2 Bg7 33. Kg1 Be5
34. Ne4 Qh6 35. N4g3 Qh4 36. Qe3 Bd6 37. Nf1 Qe1 38. Neg3 Qb1 39. Qe2 a5 40.
Ne4 Bf8 41. g3 a4 42. bxa4 Bxa4 43. Ng5 Bc2 44. Ne6 Bd3 45. Qg2 Be7 46. h4 Bf6
47. Nf4 Bc4 48. Ne2 Qxa2 49. f4+ c6 50. Nc1 Qxg2+ 51. Kxg2 Bxc3 52. Ne3 Bd5+
53. Kf2 Bd4 54. g4 b5 55. Ke2 Bxe3 56. Kxe3 Bc4 57. f5 gxf5 58. g5 Kc7 59. h5
Bf7 60. h6 c4 61. Ne2 Kd6 62. Nf4 Ke5 63. g6 Bg8 64. g7 0-1

[Event "XXXIX C.to Italiano"]
[Site "Venezia ITA"]
[Date "1979.10.??"]
[Round "15"]
[White "Taruffi, Daniele"]
[Black "Capece, Adolivio"]
[Result "1-0"]
[WhiteElo "2345"]
[BlackElo "2205"]
[PlyCount "103"]
[EventDate "1979.10.21"]

1. e4 c5 2. c3 Nf6 3. e5 Nd5 4. d4 e6 5. Nf3 cxd4 6. cxd4 Nc6 7. Nc3 Nxc3 8.
bxc3 d5 9. exd6 Bxd6 10. Bd3 Qa5 11. Bd2 Qh5 12. Rb1 a6 13. h3 e5 14. Nxe5
Qxd1+ 15. Kxd1 Bxe5 16. dxe5 O-O 17. f4 Be6 18. Rxb7 Bxa2 19. Be4 Na5 20. Rb2
Bb3+ 21. Rxb3 Nxb3 22. Bxa8 Rxa8 23. Kc2 Nxd2 24. Kxd2 Kf8 25. Ra1 a5 26. c4
Ke7 27. Kc3 Kd7 28. Rd1+ Kc6 29. f5 a4 30. e6 fxe6 31. fxe6 a3 32. Kb3 a2 33.
Ra1 Kd6 34. Rxa2 Rb8+ 35. Kc3 Kxe6 36. Ra7 Kf6 37. c5 Rb1 38. Ra2 Ke6 39. Rd2
Rc1+ 40. Kb4 Rb1+ 41. Kc4 h5 42. c6 g5 43. Kc5 Rc1+ 44. Kb6 Rc3 45. c7 Rb3+ 46.
Kc6 Rc3+ 47. Kb7 Rb3+ 48. Kc8 Ke7 49. Rd5 Rg3 50. Kb7 Rb3+ 51. Kc6 Rc3+ 52. Rc5
1-0

[Event "XXXIX C.to Italiano"]
[Site "Venezia ITA"]
[Date "1979.10.??"]
[Round "15"]
[White "Tatai, Stefano"]
[Black "Toth, Bela"]
[Result "1/2-1/2"]
[WhiteElo "2475"]
[BlackElo "2470"]
[PlyCount "83"]
[EventDate "1979.10.21"]

1. d4 Nf6 2. c4 c5 3. Nf3 cxd4 4. Nxd4 e5 5. Nb5 d5 6. cxd5 Bc5 7. e3 O-O 8.
N5c3 e4 9. Nd2 Re8 10. Be2 Nbd7 11. a3 Nb6 12. b4 Bd6 13. Bb2 a6 14. Qb3 Qe7
15. h3 Bd7 16. b5 a5 17. Na4 Nbxd5 18. Nc4 Bc7 19. Bd4 Rad8 20. Qb2 Bc8 21. b6
Bb8 22. Nxa5 Nd7 23. Nc4 Qg5 24. g4 Ne5 25. h4 Qf6 26. O-O-O Qc6 27. Bxe5 Bxe5
28. Qc2 Bb8 29. Rd4 Bd7 30. Rhd1 Qxa4 31. Rxd5 Qxc2+ 32. Kxc2 Ba4+ 33. Kc3 Bxd1
34. Rxd1 Rxd1 35. Bxd1 Bh2 36. f3 exf3 37. Bxf3 Re7 38. a4 Kf8 39. a5 Bb8 40.
Bd5 Ke8 41. e4 Kd8 42. Kb4 1/2-1/2